000 00666nam a22002177a 4500
999 _c20692
_d20692
003 AR-CdUCM
008 190423b ||||| |||| 00| 0 spa d
040 _aMUNICIPALIDAD PROVINCIAL DEL CUSCO
_cBIBLIOTECA MUNICIPAL DEL CUSCO
082 _aPI / 803.08 /
_bP51
110 _aPhidal publishing
_932928
245 _aFriolín pesca un resfriado :
_bDoctora juguetes /
260 _aMéxico :
_bPublished,
_c2015.
300 _c18 cm.
_bIlustrado
440 _aDisney Junior
_932786
505 _aContenido : Cuento.
650 _aCuento
_94671
650 _aInfantil
_96210
700 _aBronstein Melchenker, Mirian
_943234
942 _2ddc
_cLIBROS
945 _arcc